000 01270nam a2200205 a 4500
008 170223t2011 ag a|||g |||| 001 | spa d
020 _a9789876042611
041 _aspa
092 _c982.72
_l55
_sNAR
100 1 _aNarbona, Luis Alberto
_eComp.
_93292
245 _aChallacó.
_bHistoria de voluntades /
_cLuis Alberto Narbona
250 _a1a ed.
_bCorreción Liliana Falcone
260 _aNeuquén:
_bEDUCO;
_c2011.
300 _a194 p.
_b16x23 cm
500 _aNarbona, L. A. (2011). Challacó. Historia de voluntades. (1a ed.). Neuquén : EDUCO.
505 _aLa presente complicación tiene por objetivo dejar documentada referencias sobre las decisiones políticas de la creación de la Universidad de Neuquén, de la Facultad de Ingeniería en Challacó, las ideas que impulsaban las distintas acciones, el proceso de nacionalización de la Universidad, la historia de movimiento estudiantil y su vinculación con el medio que interactuaba, anécdotas de vida cotidiana, los espacios de sociabilización, las prácticas y organización deportiva; reflexiones y consecuencias sobre aquella experiencia educativa y profundamente humana.
590 _a Proyecto 4to libro.Donación EDUCO, Septiembre 2017.
655 _aHistoria regional
_93273
942 _2ddc
_cLIT
999 _c2460
_d2460